[Event "Quebec-ch U19 w"]
[Site "Montreal CAN"]
[Date "2017.02.10"]
[Round "1.2"]
[White "Jain, Ankita"]
[Black "Li, Yi Lin"]
[Result "0-1"]
[WhiteElo "1160"]
[BlackElo "1949"]
[WhiteFideId "-1"]
[WhiteFideId "-1"]
[PlyCount "68"]
[GameId "2160767908478691"]
[EventDate "2017.02.10"]
[EventType "swiss"]
[EventRounds "5"]
[EventCountry "CAN"]
[WhiteTeam "Kanada"]
[BlackTeam "Kanada"]
[WhiteTeamCountry "CAN"]
[BlackTeamCountry "CAN"]

1. e4 c5 2. Nf3 d6 3. Nc3 Nc6 4. Bc4 e6 5. Bb5 a6 6. Bxc6+ bxc6 7. d3 d5 8. exd5 cxd5 9. O-O Bd6 10. d4 c4 11. Re1 Ne7 12. Be3 O-O 13. b3 Qc7 14. Bd2 Bb7 15. h3 Ng6 16. a3 Rfe8 17. Qe2 e5 18. dxe5 Nxe5 19. Nxe5 Bxe5 20. Qg4 cxb3 21. Qa4 bxc2 22. Rac1 d4 23. Na2 d3 24. f4 Bc6 25. Qc4 Bb7 26. Rxc2 dxc2 27. Qxc2 Bd4+ 28. Kh1 Bxg2+ 29. Kxg2 Qxc2 30. Rxe8+ Rxe8 31. Kf3 Qxd2 32. Nc3 Re3+ 33. Kg4 Qg2+ 34. Kf5 Qg6# 0-1

[Event "Quebec-ch U19 w"]
[Site "Montreal CAN"]
[Date "2017.02.10"]
[Round "1.3"]
[White "Tsypin, Allison"]
[Black "Farahdel, Anahita"]
[Result "1-0"]
[WhiteElo "1506"]
[BlackElo "956"]
[WhiteFideId "-1"]
[WhiteFideId "-1"]
[PlyCount "51"]
[GameId "2160767908478692"]
[EventDate "2017.02.10"]
[EventType "swiss"]
[EventRounds "5"]
[EventCountry "CAN"]
[SourceTitle "EXT 2022"]
[Source "ChessBase"]
[SourceDate "2021.10.06"]
[SourceVersion "1"]
[SourceVersionDate "2021.10.06"]
[SourceQuality "1"]
[WhiteTeam "Canada"]
[BlackTeam "Canada"]
[WhiteTeamCountry "CAN"]
[BlackTeamCountry "CAN"]

1. e4 e5 2. Nf3 Nc6 3. Bc4 Nf6 4. d3 Bc5 5. c3 Ng4 6. O-O Bxf2+ 7. Rxf2 Nxf2 8. Kxf2 h6 9. Be3 O-O 10. Na3 a6 11. Qd2 Qf6 12. Rf1 Na5 13. Bb3 Nxb3 14. axb3 Qe6 15. b4 f5 16. Kg1 fxe4 17. dxe4 Qf6 18. Qd5+ Kh8 19. Qxe5 Qc6 20. Qe7 Rg8 21. Ne5 Qa4 22. Nf7+ Kh7 23. Bxh6 gxh6 24. Ng5+ Kg6 25. Qf7+ Kxg5 26. Qxg8+ 1-0

[Event "Quebec-ch U19 w"]
[Site "Montreal CAN"]
[Date "2017.02.10"]
[Round "1.4"]
[White "Sirois, Gabrielle"]
[Black "Tsukerman, Julia"]
[Result "0-1"]
[WhiteElo "458"]
[BlackElo "1550"]
[WhiteFideId "-1"]
[WhiteFideId "-1"]
[PlyCount "56"]
[GameId "2160767908478693"]
[EventDate "2017.02.10"]
[EventType "swiss"]
[EventRounds "5"]
[EventCountry "CAN"]
[SourceTitle "EXT 2022"]
[Source "ChessBase"]
[SourceDate "2021.10.06"]
[SourceVersion "1"]
[SourceVersionDate "2021.10.06"]
[SourceQuality "1"]
[WhiteTeam "Canada"]
[BlackTeam "Canada"]
[WhiteTeamCountry "CAN"]
[BlackTeamCountry "CAN"]

1. e4 c5 2. Nf3 d6 3. Nc3 Nf6 4. Be2 e6 5. O-O Be7 6. b3 O-O 7. Bb2 Nc6 8. Re1 a6 9. Bd3 b5 10. a4 b4 11. Ne2 Bb7 12. Bxf6 Bxf6 13. Rb1 Qd7 14. Nf4 g6 15. Qe2 Rfe8 16. Qe3 Bg7 17. Re2 Bh6 18. Bc4 Kg7 19. c3 e5 20. Nd3 Bxe3 21. Rxe3 bxc3 22. Ng5 Re7 23. Rh3 h6 24. Nf3 cxd2 25. Rd1 Nd4 26. Nxd4 cxd4 27. Rxd2 Bxe4 28. Re2 Bxd3 0-1

[Event "Quebec-ch U19 w"]
[Site "Montreal CAN"]
[Date "2017.02.11"]
[Round "2.1"]
[White "Tsukerman, Julia"]
[Black "Ouellet, Maili-Jade"]
[Result "0-1"]
[WhiteElo "1550"]
[BlackElo "2142"]
[WhiteFideId "-1"]
[WhiteFideId "-1"]
[PlyCount "44"]
[GameId "2160767908478694"]
[EventDate "2017.02.10"]
[EventType "swiss"]
[EventRounds "5"]
[EventCountry "CAN"]
[SourceTitle "EXT 2022"]
[Source "ChessBase"]
[SourceDate "2021.10.06"]
[SourceVersion "1"]
[SourceVersionDate "2021.10.06"]
[SourceQuality "1"]
[WhiteTeam "Canada"]
[BlackTeam "Canada"]
[WhiteTeamCountry "CAN"]
[BlackTeamCountry "CAN"]

1. e4 c5 2. Nf3 e6 3. c3 d5 4. e5 d4 5. cxd4 cxd4 6. Bd3 Nc6 7. a3 Nge7 8. O-O Ng6 9. Bxg6 hxg6 10. d3 Qd5 11. Bf4 g5 12. Nxg5 Nxe5 13. Bxe5 Qxe5 14. Nf3 Qh5 15. Qa4+ Bd7 16. Qxd4 Bc6 17. Nbd2 Rd8 18. Qe3 Bc5 19. Qe2 g5 20. Rfc1 g4 21. Ne5 Qxh2+ 22. Kf1 Qh1# 0-1

[Event "Quebec-ch U19 w"]
[Site "Montreal CAN"]
[Date "2017.02.11"]
[Round "2.2"]
[White "Li, Yi Lin"]
[Black "Tsypin, Allison"]
[Result "1-0"]
[WhiteElo "1949"]
[BlackElo "1506"]
[WhiteFideId "-1"]
[WhiteFideId "-1"]
[PlyCount "81"]
[GameId "2160767908478695"]
[EventDate "2017.02.10"]
[EventType "swiss"]
[EventRounds "5"]
[EventCountry "CAN"]
[WhiteTeam "Kanada"]
[BlackTeam "Kanada"]
[WhiteTeamCountry "CAN"]
[BlackTeamCountry "CAN"]

1. e4 e5 2. Nf3 Nc6 3. Bb5 a6 4. Ba4 Nf6 5. d3 b5 6. Bb3 d6 7. c3 Be7 8. h3 O-O 9. O-O Na5 10. Bc2 c5 11. Re1 Qc7 12. Nbd2 Bd7 13. Nf1 Rac8 14. Bg5 c4 15. d4 Rfd8 16. Ne3 Re8 17. Bxf6 Bxf6 18. Nd5 Qd8 19. Nxf6+ gxf6 20. Nh4 Kh8 21. Qh5 Qe7 22. Re3 Rg8 23. Rf3 Rg7 24. Qh6 Rcg8 25. Kh1 f5 26. exf5 Qg5 27. Qxg5 Rxg5 28. Re3 Nc6 29. dxe5 dxe5 30. Rd1 Bc8 31. Rd6 Bb7 32. Be4 Rc8 33. Nf3 Rgg8 34. Rh6 Nd8 35. Bxb7 Nxb7 36. Nxe5 Kg7 37. Rxa6 Nc5 38. f6+ Kf8 39. Ra7 Ne6 40. Rxf7+ Ke8 41. Re7+ 1-0

[Event "Quebec-ch U19 w"]
[Site "Montreal CAN"]
[Date "2017.02.11"]
[Round "2.3"]
[White "Wang, Rachel Zihan"]
[Black "Sirois, Gabrielle"]
[Result "1-0"]
[WhiteElo "1150"]
[BlackElo "458"]
[WhiteFideId "-1"]
[WhiteFideId "-1"]
[PlyCount "97"]
[GameId "2160767908478696"]
[EventDate "2017.02.10"]
[EventType "swiss"]
[EventRounds "5"]
[EventCountry "CAN"]
[SourceTitle "EXT 2022"]
[Source "ChessBase"]
[SourceDate "2021.10.06"]
[SourceVersion "1"]
[SourceVersionDate "2021.10.06"]
[SourceQuality "1"]
[WhiteTeam "Canada"]
[BlackTeam "Canada"]
[WhiteTeamCountry "CAN"]
[BlackTeamCountry "CAN"]

1. e4 e5 2. Nf3 Nc6 3. Nc3 Be7 4. Bb5 Nf6 5. O-O O-O 6. d3 b6 7. Bxc6 dxc6 8. Nxe5 Bd7 9. Bf4 Re8 10. Nxd7 Nxd7 11. Qg4 Nf6 12. Qg3 Bd6 13. Bxd6 cxd6 14. f4 Rb8 15. e5 dxe5 16. fxe5 Nd5 17. Rf3 b5 18. Raf1 Rf8 19. Qg4 Nxc3 20. bxc3 b4 21. cxb4 Rb7 22. Rh3 Qb8 23. d4 Rxb4 24. c3 Rb1 25. Rxb1 Qxb1+ 26. Kf2 Qxa2+ 27. Qe2 Qe6 28. Qh5 Rb8 29. Qxh7+ Kf8 30. Qh8+ Ke7 31. Qxb8 a5 32. Qc7+ Qd7 33. Qxd7+ Kxd7 34. Ke2 a4 35. Kd2 a3 36. Kc2 f5 37. Rh7 a2 38. Kb2 f4 39. Rxg7+ Ke6 40. Rg6+ Kd5 41. h4 Ke4 42. h5 Ke3 43. h6 Kf2 44. h7 f3 45. gxf3 Kxf3 46. h8=Q Ke3 47. Qh3+ Kd2 48. Rg2+ Kd1 49. Qh1# 1-0

[Event "Quebec-ch U19 w"]
[Site "Montreal CAN"]
[Date "2017.02.11"]
[Round "2.4"]
[White "Farahdel, Anahita"]
[Black "Jain, Ankita"]
[Result "0-1"]
[WhiteElo "956"]
[BlackElo "1160"]
[WhiteFideId "-1"]
[WhiteFideId "-1"]
[PlyCount "54"]
[GameId "2160767908478697"]
[EventDate "2017.02.10"]
[EventType "swiss"]
[EventRounds "5"]
[EventCountry "CAN"]
[SourceTitle "EXT 2022"]
[Source "ChessBase"]
[SourceDate "2021.10.06"]
[SourceVersion "1"]
[SourceVersionDate "2021.10.06"]
[SourceQuality "1"]
[WhiteTeam "Canada"]
[BlackTeam "Canada"]
[WhiteTeamCountry "CAN"]
[BlackTeamCountry "CAN"]

1. e4 e5 2. Nf3 Nc6 3. Bc4 h6 4. Nc3 Nf6 5. d3 Bc5 6. Nd5 O-O 7. h4 d6 8. Nxf6+ Qxf6 9. Bg5 Qg6 10. Qd2 h5 11. Nh2 Be6 12. O-O-O Bxc4 13. dxc4 f6 14. Nf3 Qxe4 15. b3 Nd4 16. Nxd4 Qxd4 17. Qa5 b6 18. Qb5 Qa1+ 19. Kd2 Qxa2 20. Ra1 Qb2 21. Qa4 Qd4+ 22. Kc1 c6 23. Rd1 Qxf2 24. Qxc6 fxg5 25. Qd5+ Kh8 26. Kb1 a5 27. Ka2 Qxc2# 0-1

[Event "Quebec-ch U19 w"]
[Site "Montreal CAN"]
[Date "2017.02.11"]
[Round "3.1"]
[White "Ouellet, Maili-Jade"]
[Black "Li, Yi Lin"]
[Result "1/2-1/2"]
[WhiteElo "2142"]
[BlackElo "1949"]
[WhiteFideId "-1"]
[WhiteFideId "-1"]
[PlyCount "240"]
[GameId "2160767908478698"]
[EventDate "2017.02.10"]
[EventType "swiss"]
[EventRounds "5"]
[EventCountry "CAN"]
[WhiteTeam "Kanada"]
[BlackTeam "Kanada"]
[WhiteTeamCountry "CAN"]
[BlackTeamCountry "CAN"]

1. d4 Nf6 2. c4 e6 3. Nc3 d5 4. cxd5 exd5 5. Bg5 Nbd7 6. e3 c6 7. Bd3 Be7 8. Qc2 h6 9. Bh4 a6 10. Nf3 b5 11. a3 Bb7 12. b4 Nb6 13. Ne5 Nc4 14. Bxc4 bxc4 15. Rb1 O-O 16. O-O Re8 17. f4 Nd7 18. Bg3 Bf6 19. Na4 Rb8 20. Qf5 Nf8 21. Nc5 Bc8 22. Qc2 Bxe5 23. fxe5 Ne6 24. Qf2 Rf8 25. Bh4 g5 26. Bg3 Nxc5 27. bxc5 Be6 28. Rxb8 Qxb8 29. Qf6 Kh7 30. h4 Qb3 31. Re1 Rg8 32. hxg5 Rxg5 33. Qf2 c3 34. Bf4 Rg6 35. g3 Qxa3 36. Qc2 Qb2 37. Qxb2 cxb2 38. Rb1 Bf5 39. Rxb2 Bd3 40. Rb7 Kg7 41. Kf2 Re6 42. Rc7 Kf8 43. g4 Kg7 44. Kg3 Rg6 45. Kh4 Be2 46. g5 h5 47. Rb7 Re6 48. Rb2 Bb5 49. Kxh5 a5 50. Ra2 a4 51. Kg4 Re8 52. Bg3 Ra8 53. Be1 Kg6 54. Bb4 Bc4 55. Ra1 Bd3 56. Kf4 Bc2 57. Ra2 Bb3 58. Rb2 Rh8 59. Be1 Rh1 60. Bb4 Rh4+ 61. Kg3 Re4 62. Kf3 Bd1+ 63. Kf2 Kxg5 64. Rb1 Bc2 65. Rc1 Rh4 66. Rg1+ Kf5 67. Rf1 Ke4 68. Kg3 Rh7 69. Rf6 Kxe3 70. Rxc6 Rg7+ 71. Kh4 Kxd4 72. Rb6 Kxe5 73. c6 Rg8 74. c7 Bf5 75. Bd6+ Ke6 76. Bh2+ Kd7 77. Ra6 Rh8+ 78. Kg3 Kxc7 79. Rxa4 Kc6 80. Rf4 Be6 81. Bg1 Rh5 82. Bd4 Rh3+ 83. Kf2 Ra3 84. Ke2 Kb5 85. Kd2 Rb3 86. Kc2 Rb4 87. Kd3 Rc4 88. Rf2 Kc6 89. Rf4 Kd6 90. Rf2 Ke7 91. Bf6+ Ke8 92. Bd4 Bg4 93. Rf6 Bh5 94. Ke3 Bg6 95. Rd6 Be4 96. Bf6 Rc8 97. Kd4 Kf8 98. Rd7 Re8 99. Ra7 Kg8 100. Ra3 Kh7 101. Rg3 Re6 102. Be5 Rg6 103. Rh3+ Rh6 104. Rg3 f6 105. Bf4 Rh4 106. Ke3 f5 107. Be5 Bb1 108. Rg7+ Kh6 109. Re7 Re4+ 110. Kf3 d4 111. Bf4+ Kg6 112. Rd7 Kf6 113. Rd6+ Ke7 114. Rd5 Ke6 115. Rd6+ Ke7 116. Rd5 Ke6 117. Rd6+ Kf7 118. Rd5 Kg6 119. Rd6+ Kf7 120. Rd5 Ke6 1/2-1/2

[Event "Quebec-ch U19 w"]
[Site "Montreal CAN"]
[Date "2017.02.11"]
[Round "3.2"]
[White "Tsypin, Allison"]
[Black "Wang, Rachel Zihan"]
[Result "1-0"]
[WhiteElo "1506"]
[BlackElo "1150"]
[WhiteFideId "-1"]
[WhiteFideId "-1"]
[PlyCount "103"]
[GameId "2160767908478699"]
[EventDate "2017.02.10"]
[EventType "swiss"]
[EventRounds "5"]
[EventCountry "CAN"]
[SourceTitle "EXT 2022"]
[Source "ChessBase"]
[SourceDate "2021.10.06"]
[SourceVersion "1"]
[SourceVersionDate "2021.10.06"]
[SourceQuality "1"]
[WhiteTeam "Canada"]
[BlackTeam "Canada"]
[WhiteTeamCountry "CAN"]
[BlackTeamCountry "CAN"]

1. e4 e5 2. Nf3 Nc6 3. Bc4 Bc5 4. d3 d6 5. c3 Bg4 6. h3 Bh5 7. O-O Nge7 8. Bg5 h6 9. Be3 Bb6 10. Nbd2 O-O 11. Qc2 Na5 12. Bb3 Nxb3 13. Qxb3 Qd7 14. d4 exd4 15. Nxd4 c5 16. N4f3 Qe6 17. Qxe6 fxe6 18. Nh2 Rf6 19. Nc4 Be2 20. Nxd6 Bxf1 21. Rxf1 Bc7 22. Nxb7 Bb6 23. Nxc5 Nc6 24. Ng4 Rg6 25. Nd7 Bxe3 26. Nxe3 Rd8 27. Nc5 Rd2 28. Nc4 Re2 29. Nd3 a6 30. Nf4 Rxe4 31. Nxg6 Rxc4 32. Re1 Kf7 33. Ne5+ Nxe5 34. Rxe5 Ra4 35. a3 Kf6 36. Re3 Ra5 37. Kf1 Rd5 38. Ke2 e5 39. Rd3 Rb5 40. b4 a5 41. c4 Rb6 42. b5 Ke6 43. Ke3 Rd6 44. Rxd6+ Kxd6 45. Ke4 Kc5 46. Kxe5 Kxc4 47. b6 Kb3 48. b7 Kxa3 49. b8=Q Ka4 50. Kd4 g6 51. Kc3 g5 52. Qb3# 1-0

[Event "Quebec-ch U19 w"]
[Site "Montreal CAN"]
[Date "2017.02.11"]
[Round "3.3"]
[White "Jain, Ankita"]
[Black "Tsukerman, Julia"]
[Result "0-1"]
[WhiteElo "1160"]
[BlackElo "1550"]
[WhiteFideId "-1"]
[WhiteFideId "-1"]
[PlyCount "76"]
[GameId "2160767908478700"]
[EventDate "2017.02.10"]
[EventType "swiss"]
[EventRounds "5"]
[EventCountry "CAN"]
[SourceTitle "EXT 2022"]
[Source "ChessBase"]
[SourceDate "2021.10.06"]
[SourceVersion "1"]
[SourceVersionDate "2021.10.06"]
[SourceQuality "1"]
[WhiteTeam "Canada"]
[BlackTeam "Canada"]
[WhiteTeamCountry "CAN"]
[BlackTeamCountry "CAN"]

1. e4 c5 2. Nf3 d6 3. Nc3 Nf6 4. h3 e6 5. d3 Be7 6. Be2 O-O 7. O-O Nc6 8. Bg5 a6 9. Bxf6 Bxf6 10. Qd2 b5 11. Rab1 Bb7 12. a3 Re8 13. Rfe1 d5 14. exd5 exd5 15. Nd1 d4 16. c3 Ne5 17. Nxe5 Rxe5 18. b4 Rc8 19. Rc1 cxb4 20. cxb4 Rxc1 21. Qxc1 Bg5 22. f4 Qd5 23. Ne3 Rxe3 24. Bf3 Qe6 25. Rxe3 dxe3 26. Bxb7 e2 27. Kf2 Bh4+ 28. g3 Bxg3+ 29. Kg2 e1=Q 30. Qxe1 Qxe1 31. Kf3 Qf2+ 32. Ke4 Qxf4+ 33. Kd5 Qd6+ 34. Ke4 Qe5+ 35. Kf3 Qf4+ 36. Ke2 Qf2+ 37. Kd1 Bf4 38. d4 Qd2# 0-1

[Event "Quebec-ch U19 w"]
[Site "Montreal CAN"]
[Date "2017.02.11"]
[Round "3.4"]
[White "Sirois, Gabrielle"]
[Black "Farahdel, Anahita"]
[Result "0-1"]
[WhiteElo "458"]
[BlackElo "956"]
[WhiteFideId "-1"]
[WhiteFideId "-1"]
[PlyCount "21"]
[GameId "2160767739316832"]
[EventDate "2017.02.10"]
[EventType "swiss"]
[EventRounds "5"]
[EventCountry "CAN"]
[WhiteTeam "Kanada"]
[BlackTeam "Kanada"]
[WhiteTeamCountry "CAN"]
[BlackTeamCountry "CAN"]

1. e4 e5 2. Nf3 Nc6 3. Nc3 Nf6 4. Be2 Bc5 5. O-O Ng4 6. b3 d6 7. Bb2 Nd4 8. Nxd4 b5 9. Re1 h5 10. Ndxb5 Bxf2+ 11. Kf1 {Illegible. Too many errors.} 0-1

[Event "Quebec-ch U19 w"]
[Site "Montreal CAN"]
[Date "2017.02.12"]
[Round "4.1"]
[White "Tsypin, Allison"]
[Black "Ouellet, Maili-Jade"]
[Result "0-1"]
[WhiteElo "1506"]
[BlackElo "2142"]
[WhiteFideId "-1"]
[WhiteFideId "-1"]
[PlyCount "102"]
[GameId "2160767908478701"]
[EventDate "2017.02.10"]
[EventType "swiss"]
[EventRounds "5"]
[EventCountry "CAN"]
[SourceTitle "EXT 2022"]
[Source "ChessBase"]
[SourceDate "2021.10.06"]
[SourceVersion "1"]
[SourceVersionDate "2021.10.06"]
[SourceQuality "1"]
[WhiteTeam "Canada"]
[BlackTeam "Canada"]
[WhiteTeamCountry "CAN"]
[BlackTeamCountry "CAN"]

1. e4 c5 2. Nf3 e6 3. d4 cxd4 4. Nxd4 a6 5. Bd3 Bc5 6. Nb3 Be7 7. O-O d6 8. N1d2 Nf6 9. Nf3 Nbd7 10. Qe2 Qc7 11. h3 b6 12. Bg5 h6 13. Bd2 Bb7 14. Rac1 O-O 15. Rfe1 Nc5 16. Nxc5 bxc5 17. c4 Nd7 18. Bc3 e5 19. Rcd1 Rfe8 20. Nd2 Nf8 21. Nf1 Bg5 22. Ne3 Bxe3 23. fxe3 Re6 24. Rf1 Rg6 25. Rf2 Ne6 26. Kh2 Ng5 27. Qc2 Qc6 28. b4 cxb4 29. Bxb4 Qb6 30. Bd2 Bc6 31. Rb1 Qa7 32. Ba5 Rb8 33. Rxb8+ Qxb8 34. h4 Ne6 35. a3 Nc5 36. Bb4 Qd8 37. g3 Nxd3 38. Qxd3 a5 39. Bc3 Qa8 40. Qd2 Bxe4 41. Bxa5 Qa6 42. Bb4 Qc8 43. Re2 Qg4 44. Qe1 Qf3 45. Kh3 Qg4+ 46. Kh2 Bf5 47. Rg2 Qh3+ 48. Kg1 Be4 49. Qf2 Bxg2 50. Qxg2 Rxg3 51. Qxg3 Qxg3+ 0-1

[Event "Quebec-ch U19 w"]
[Site "Montreal CAN"]
[Date "2017.02.12"]
[Round "4.2"]
[White "Li, Yi Lin"]
[Black "Tsukerman, Julia"]
[Result "1-0"]
[WhiteElo "1949"]
[BlackElo "1550"]
[WhiteFideId "-1"]
[WhiteFideId "-1"]
[PlyCount "61"]
[GameId "2160767908478702"]
[EventDate "2017.02.10"]
[EventType "swiss"]
[EventRounds "5"]
[EventCountry "CAN"]
[WhiteTeam "Kanada"]
[BlackTeam "Kanada"]
[WhiteTeamCountry "CAN"]
[BlackTeamCountry "CAN"]

1. d4 Nf6 2. c4 g6 3. Nc3 Bg7 4. e4 d6 5. Nf3 O-O 6. Be2 e5 7. O-O Nc6 8. d5 Ne7 9. Ne1 Nd7 10. Be3 f5 11. f3 f4 12. Bf2 g5 13. a4 Rf6 14. Nb5 a6 15. Na7 Rxa7 16. Bxa7 b6 17. a5 Rh6 18. Nd3 Bb7 19. Qb3 Nc8 20. c5 Nxa7 21. c6 Bc8 22. cxd7 Bxd7 23. axb6 cxb6 24. Rxa6 Qe8 25. Nf2 Nc8 26. Rc1 Bf6 27. Ra8 Kf7 28. Ba6 Kg6 29. Bxc8 Bxc8 30. Raxc8 Qf7 31. Qxb6 1-0

[Event "Quebec-ch U19 w"]
[Site "Montreal CAN"]
[Date "2017.02.12"]
[Round "4.3"]
[White "Wang, Rachel Zihan"]
[Black "Farahdel, Anahita"]
[Result "1-0"]
[WhiteElo "1150"]
[BlackElo "956"]
[WhiteFideId "-1"]
[WhiteFideId "-1"]
[PlyCount "137"]
[GameId "2160767908478703"]
[EventDate "2017.02.10"]
[EventType "swiss"]
[EventRounds "5"]
[EventCountry "CAN"]
[SourceTitle "EXT 2022"]
[Source "ChessBase"]
[SourceDate "2021.10.06"]
[SourceVersion "1"]
[SourceVersionDate "2021.10.06"]
[SourceQuality "1"]
[WhiteTeam "Canada"]
[BlackTeam "Canada"]
[WhiteTeamCountry "CAN"]
[BlackTeamCountry "CAN"]

1. e4 e5 2. Nf3 Nc6 3. Nc3 Nf6 4. d4 Bd6 5. Bg5 h6 6. Bh4 Qe7 7. Nd5 Qe6 8. Nxf6+ gxf6 9. d5 Qg4 10. dxc6 Qxe4+ 11. Qe2 Qxc6 12. Bxf6 Bb4+ 13. Nd2 Qxf6 14. c3 Ba5 15. Nc4 d6 16. Nxa5 d5 17. Qf3 Qe6 18. O-O-O d4 19. Bc4 Qf5 20. Qxf5 Bxf5 21. cxd4 O-O-O 22. dxe5 Rde8 23. Bxf7 Rxe5 24. Nc4 Rc5 25. b3 b5 26. Rd5 Rxd5 27. Bxd5 bxc4 28. Bxc4 Rd8 29. Rd1 Bd7 30. Kb2 Re8 31. Ba6+ Kd8 32. Bb5 Re7 33. Bxd7 Re2+ 34. Kc3 Ke7 35. Bh3 Kf6 36. f4 Rxa2 37. Rd7 c5 38. Rd5 Ra1 39. Rxc5 Rc1+ 40. Kd4 Rd1+ 41. Kc4 Rc1+ 42. Kb5 Rb1 43. b4 a6+ 44. Kxa6 Rxb4 45. Rf5+ Kg6 46. g4 Rb3 47. Bf1 Rb1 48. Bd3 Rh1 49. h4 Rh3 50. Rd5+ Kf6 51. Rd6+ Kg7 52. g5 hxg5 53. hxg5 Kf7 54. f5 Ke7 55. Re6+ Kd7 56. Bb5+ Kc7 57. f6 Ra3+ 58. Ba4 Rxa4+ 59. Kb5 Rg4 60. Re7+ Kd6 61. Rg7 Ke6 62. f7 Ke7 63. g6 Rd4 64. Rg8 Rd5+ 65. Kc6 Rf5 66. Rh8 Rf4 67. Re8+ Kf6 68. f8=Q+ Kg5 69. Qxf4+ 1-0

[Event "Quebec-ch U19 w"]
[Site "Montreal CAN"]
[Date "2017.02.12"]
[Round "4.4"]
[White "Sirois, Gabrielle"]
[Black "Jain, Ankita"]
[Result "0-1"]
[WhiteElo "458"]
[BlackElo "1160"]
[WhiteFideId "-1"]
[WhiteFideId "-1"]
[PlyCount "60"]
[GameId "2160767908478704"]
[EventDate "2017.02.10"]
[EventType "swiss"]
[EventRounds "5"]
[EventCountry "CAN"]
[SourceTitle "EXT 2022"]
[Source "ChessBase"]
[SourceDate "2021.10.06"]
[SourceVersion "1"]
[SourceVersionDate "2021.10.06"]
[SourceQuality "1"]
[WhiteTeam "Canada"]
[BlackTeam "Canada"]
[WhiteTeamCountry "CAN"]
[BlackTeamCountry "CAN"]

1. e4 e5 2. Nf3 Nc6 3. Nc3 Bc5 4. Be2 Nf6 5. O-O O-O 6. b3 Bb4 7. Bb2 Bxc3 8. Bxc3 d6 9. Re1 Nxe4 10. Bd3 Nf6 11. Rb1 h6 12. b4 a6 13. Be4 Qe8 14. Qe2 Rb8 15. Qd3 Be6 16. Re2 Bxa2 17. Ra1 Be6 18. Nxe5 dxe5 19. f4 Rd8 20. Qe3 Nxe4 21. Qxe4 exf4 22. Qxf4 Qe7 23. Qg3 f6 24. Rxe6 Qxe6 25. Qg6 Ne5 26. Qg3 Rf7 27. Re1 Qb6+ 28. Kh1 Qd6 29. Bxe5 fxe5 30. Rxe5 Rf1# 0-1

[Event "Quebec-ch U19 w"]
[Site "Montreal CAN"]
[Date "2017.02.12"]
[Round "5.2"]
[White "Ouellet, Maili-Jade"]
[Black "Sirois, Gabrielle"]
[Result "1-0"]
[WhiteElo "2142"]
[BlackElo "458"]
[WhiteFideId "-1"]
[WhiteFideId "-1"]
[PlyCount "35"]
[GameId "2160767908478706"]
[EventDate "2017.02.10"]
[EventType "swiss"]
[EventRounds "5"]
[EventCountry "CAN"]
[SourceTitle "EXT 2022"]
[Source "ChessBase"]
[SourceDate "2021.10.06"]
[SourceVersion "1"]
[SourceVersionDate "2021.10.06"]
[SourceQuality "1"]
[WhiteTeam "Canada"]
[BlackTeam "Canada"]
[WhiteTeamCountry "CAN"]
[BlackTeamCountry "CAN"]

1. d4 d5 2. c4 dxc4 3. e4 Nf6 4. Nc3 Nc6 5. Nf3 g6 6. Bxc4 Bg4 7. e5 Qd7 8. exf6 exf6 9. d5 Ne5 10. Nxe5 Qf5 11. Nxg4 O-O-O 12. O-O c6 13. Bd3 Qh5 14. dxc6 Bd6 15. cxb7+ Kxb7 16. Qb3+ Ka8 17. Be4+ Qd5 18. Bxd5# 1-0

[Event "Quebec-ch U19 w"]
[Site "Montreal CAN"]
[Date "2017.02.12"]
[Round "5.3"]
[White "Tsukerman, Julia"]
[Black "Tsypin, Allison"]
[Result "0-1"]
[WhiteElo "1550"]
[BlackElo "1506"]
[WhiteFideId "-1"]
[WhiteFideId "-1"]
[PlyCount "82"]
[GameId "2160767908478707"]
[EventDate "2017.02.10"]
[EventType "swiss"]
[EventRounds "5"]
[EventCountry "CAN"]
[SourceTitle "EXT 2022"]
[Source "ChessBase"]
[SourceDate "2021.10.06"]
[SourceVersion "1"]
[SourceVersionDate "2021.10.06"]
[SourceQuality "1"]
[WhiteTeam "Canada"]
[BlackTeam "Canada"]
[WhiteTeamCountry "CAN"]
[BlackTeamCountry "CAN"]

1. e4 e5 2. Nf3 Nc6 3. Bb5 a6 4. Ba4 Nf6 5. d3 b5 6. Bb3 d6 7. c3 Be7 8. O-O O-O 9. h3 Na5 10. Bc2 c5 11. Nbd2 Qc7 12. Re1 Bd7 13. Nf1 Rab8 14. Ng3 Nc6 15. Nh2 b4 16. Ng4 Nxg4 17. hxg4 Qd8 18. Nf5 Bxf5 19. gxf5 Bg5 20. Qg4 Bxc1 21. Raxc1 Qf6 22. Re3 Qh6 23. g3 Rfd8 24. Kg2 d5 25. Rh1 Qf6 26. exd5 Rxd5 27. Qc4 Ne7 28. g4 h6 29. Bb3 Qc6 30. Kg1 Rbd8 31. cxb4 Qb6 32. bxc5 Qxc5 33. Qxa6 Rd4 34. Rg3 Rf4 35. Rg2 Nxf5 36. Bc4 Ng3 37. Rh3 Ne2+ 38. Kf1 Nd4 39. a3 Nf3 40. b4 Qd4 41. Qa4 Qa1+ 0-1

[Event "Quebec-ch U19 w"]
[Site "Montreal CAN"]
[Date "2017.02.12"]
[Round "5.4"]
[White "Jain, Ankita"]
[Black "Wang, Rachel"]
[Result "0-1"]
[WhiteElo "1160"]
[BlackElo "1150"]
[WhiteFideId "-1"]
[WhiteFideId "-1"]
[PlyCount "88"]
[GameId "2160767739316834"]
[EventDate "2017.02.10"]
[EventType "swiss"]
[EventRounds "5"]
[EventCountry "CAN"]
[WhiteTeam "Kanada"]
[BlackTeam "Kanada"]
[WhiteTeamCountry "CAN"]
[BlackTeamCountry "CAN"]

1. e4 e5 2. Nf3 Nc6 3. Bc4 Nd4 4. d3 d6 5. Be3 Nxf3+ 6. Qxf3 Nf6 7. Bg5 Be7 8. Bxf6 Bxf6 9. Nc3 Be6 10. Nd5 Bxd5 11. Bxd5 c6 12. Bc4 b5 13. Bb3 a5 14. c3 a4 15. Bc2 O-O 16. O-O Qb6 17. Qe3 Qxe3 18. fxe3 Rfe8 19. Rad1 Re6 20. b3 axb3 21. Bxb3 Re7 22. Rfe1 Rc8 23. Rc1 c5 24. c4 b4 25. Ra1 Ra7 26. Red1 h6 27. g3 Kh7 28. Kf2 Kg6 29. Rd2 Kg5 30. Kf3 Kh5 31. h4 g5 32. hxg5 hxg5 33. Rh2+ Kg6 34. Rah1 Bg7 35. Bd1 Rca8 36. Bb3 Rf8 37. g4 Raa8 38. Rd1 Rh8 39. Rdh1 Rxh2 40. Rxh2 Rh8 41. Rxh8 Bxh8 42. Ke2 Kf6 43. Kd2 Ke7 44. Kc2 Kd7 {No more moves legible.} 0-1